Регионална библиотека "Любен Каравелов" - Русе

Океанът (Запис номер 478490)

MARC детайли
000 -Лидер
Контролно поле с фиксирана дължина nam a22 a 4500
003 - Код на организацията, давaща контролен номер
Контролно поле BLK
005 - Дата и час на последна редакция
Контролно поле 20230407152239.0
008 - Елементи от данни с фиксирана дължина
fixed length control field 200311b bul|||||r ||||||| ||bul||
040 ## - Източник на каталожния запис
Идентификатор на билиотеката - собственик на записа BLK
041 ## - Код за език
Код за езика на текст/звукозапис или на отделно заглавие Български
Код за езика КДБФ Български
080 ## - УДК
Текстов определител УДК Италианска литература
УДК код - определител по УДК 821.131.1
УДК определител -32
УДК - код + определител 821.163.2-32
100 ## - Редна дума - Автор
Автор Роси, Виторио Джовани
Авторска отговорност първи автор
R(LIN) 1299
139 ## - Редно поле
Редна дума Роси, Виторио Джовани
245 ## - Сведения за заглавието
Заглавие Океанът
Подзаглавни данни Повест
Редно поле (дума) Виторио Роси ; прев. от итал. Петър Драгоев.
250 ## - Област на изданието
Сведения за изданието 2. изд.
257 ## - Страна на издаване
Страна на създаване/издаване България
260 ## - Област на издателските данни
Място на издаване, разпространение и проч. Варна
Име на издателя, разпространителя и проч. Георги Бакалов
Година на издаване 1977
9 (RLIN) 210458
300 ## - Физическа характеристика
Страници 146 с.
Размери/Мащаб 20 см
380 ## - Жанр
Жанр Худож. лит.
490 ## - СЕРИИ (Колекции)
9 (RLIN) 205245
Име на серия Библиотека Океан
№: серия 6
500 ## - Общи забележки
Забележка Ориг. загл. Oceano.
700 ## - Други автори (авторска отговорност)
9 (RLIN) 292737
Лично име Драгоев, Петър Драгоев
Автороска отговорност (Описва отношението между автора и произведението) прев. от итал.
852 ## - Местоположение
Форматна сигнатура Цб 87971
Фондова буква Хранилище
856 ## - Електронен адрес и достъп
Инструкция (цена за достъп) 0.00
Права за достъп disable
999 ## - СИСТЕМНИ КОНТРОЛНИ НОМЕРА
Koha biblionumber 478490
Koha biblioitemnumber 478490
942 ## - АРТИКУЛИ
Вид на библиотечния материал Книги
Скрит в OPAC Не
Периодичен библиозапис Да
944 ## - СЪЗДАВАНЕ И РЕДАКЦИЯ на ЗАПИСА
Създаване/Редакция Създаване
Дата на регистрацията/редакция 2022-11-02
Служител, извършил регистрацията/редакцията вр
999 ## - СИСТЕМНИ КОНТРОЛНИ НОМЕРА
Koha biblioitemnumber 478490
Наличности
Код за отписване Код за изгубен артикул Източник на класификационната схема Код за повреда Коз за рестрикции Код за отдаване Артикулен № Име на библиотеката - собственик Име на библиотеката, в която се намира в момента Статус (Текущо местоположение) Дата на вписване в системата Местоположение - отдел Цена в лева Инвентарен номер Систематично азбучна сигнатура Баркод Цена в евро Служебен тип на артикула
  Не е изгубен Universal Decimal Classification Не е повреден само за читалня ползва се в читалня 910468 Регионална библиотека "Любен Каравелов" Русе Регионална библиотека "Любен Каравелов" Русе Хранилище 2022-11-03 Хранилище 0.54 233220 Цб 87971 120000233220 0.28 Книги
Vip Innovations Ltd, Rousse, Bulgaria 2025